000 00659nam a2200229 i 4500
001 bg
100 1 _aSZPRINGER, Włodzimierz
245 1 0 _aEuropejskie regulacje bankowe /
_cWłodzimierz Szpringer.
260 _aWarszawa :
_b"Twigger",
_c1997.
300 _a249 s. ;
_c21 cm.
490 1 _aBiblioteka Bankowca
504 _aBibliogr. s. 242-249. Wykaz aktów prawnych s. 234-241.
650 9 _aBanki
_xprawo
_xzagadnienia
_zEuropa
830 _aBiblioteka Bankowca
020 _a8385946624
040 _cBPK
041 0 _apl
080 _a336.71:347.734](4)
920 _a83-85946-62-4
942 _cKS
008 s pl f |000 0 pol
999 _c33378
_d33378
856 _uhttp://koha.tu.koszalin.pl/cgi-bin/koha/opac-detail.pl?biblionumber=33378
_yKatalog online BPK